Statistiken für Slawische Länder

Klicken Sie hier um das Quiz zu spielen!

Allgemein

  • Dieses Quiz wurde 2,742 mal gespielt
  • Das Durchschnittsergebnis liegt bei 12 aus 13

Antwortstatistiken

Region Land % Korrekt
WestSlowakei
95%
SüdSerbien
95%
SüdSlowenien
94%
SüdKroatien
93%
WestTschechien
93%
OstUkraine
93%
SüdBosnien und Herzegowina
92%
WestPolen
91%
OstWeißrussland
91%
OstRussland
90%
SüdMontenegro
87%
SüdBulgarien
85%
SüdNordmazedonien
85%

Verteilung der Resultate

Perzentil nach korrekt beantworteten Fragen

Anzahl Personen mit jedem Resultat

Ihre Resultats-Entwicklung

Sie haben dieses Quiz noch nicht gespielt